000 00510nam a2200169 9 4500
001 143311
003 ES-MaACL
005 20230906200758.0
007 t|
008 070214s1968 sp r ||||1| spa d
100 1 _aSerra i Vilaró, J.
_9105638
245 1 0 _aHistoria de Cardona /
_cJ. Serra i Vilaró.
_n, . Libro 2º.
_n, . Primera Parte.
260 _aTarragona :
_bSugrañes Hnos.,
_c1968.
300 _a1 v. ;
_c22 cm.
651 4 _aCardona-
_xHistoria.
_9142809
852 _aES-MaACL
_jP-1707
_bR.69459
999 _c143311
_d143311